000 00714nam a2200229Ia 4500
003 OSt
005 20220925202927.0
006 a|||||r|||| 00| 0
007 ta
008 220923b |||||||| |||| 00| 0 eng d
037 _cGeneral Book
040 _aRTL
_cRTL
_beng
041 _2eng
_aeng
245 0 _aConsumer complaints and managerial response
_b A stu
260 _aDelhi
_bUniversity of Delhi
_c2001
300 _axx, 291p Bibliography: P 269p-79
_ccm.
490 _aUniversity of Delhi, Commerce (Deptt. of-), Thesis. Thesis, University of Delhi, Commerce (Deptt. of-)
650 _a Car
_9264570
650 _aIndustrial Economics
942 _cGB
_2CC
999 _c544648
_d544648